000 00707nam a22001577a 4500
005 20120207152245.0
020 _a8126712031
_c125.00
100 _aजोशी, राजेश
_941097
245 _aचाँद की वर्तनी /
_cराजेश जोशी
260 _aनई दिल्ली
_bराजकमल प्रकाशन
_c2006
270 _a1-बी, नेताजी सुभाष मार्ग
_bनई दिल्ली
_e110002
300 _a108पृ.
_c22सेमी (सजिल्द)
700 _941026
942 _2ddc
_cHN
_mजोशीरा
999 _c62194
_d62194